Riconosci il Pokémon - Quiz n°982 - Statistics

Statistiche generali
  • Questo quiz è stato fatto 0 volte
  • Il punteggio medio è 0 su 10
Statistiche sulle risposte
Indizio Risposta % Corretto
Altezza 1,4 m
0%
Peso 38,6 kg
0%
Sesso 50% ♂, 50% ♀
0%
Tasso di cattura 90 (20.1%)
0%
Tipo Elettro / Volante
0%
Abilità Energia Eolica; Assorbivolt; Tenacia
0%
Pokémon Kilowattrel
0%
Tasso di allevamento Medio-Lento
0%
Generazione Nona
0%
Stadio evoluzione Prima evoluzione
0%
Nessun quiz corrispondente trovato
Distribuzione punteggi
Percentuale di utenti per punteggio
Percentile per numero di risposta
I tuoi punteggi nel tempo
Non hai fatto questo quiz